MARC details
| 000 -LEADER |
| fixed length control field |
02446cam a22004337i 4500 |
| 001 - CONTROL NUMBER |
| control field |
18448093 |
| 003 - CONTROL NUMBER IDENTIFIER |
| control field |
GBCCL |
| 005 - DATE AND TIME OF LATEST TRANSACTION |
| control field |
20241126110712.0 |
| 008 - FIXED-LENGTH DATA ELEMENTS--GENERAL INFORMATION |
| fixed length control field |
150114r20151993cou b 000 0 eng d |
| 010 ## - |
| -- |
2015930829 |
| 020 ## - INTERNATIONAL STANDARD BOOK NUMBER |
| International Standard Book Number |
9780781412568 |
| Qualifying information |
(hardcover) |
| 020 ## - INTERNATIONAL STANDARD BOOK NUMBER |
| International Standard Book Number |
0781412560 |
| Qualifying information |
(hardcover) |
| 020 ## - INTERNATIONAL STANDARD BOOK NUMBER |
| International Standard Book Number |
9780781414197 (softcover) |
| 035 ## - SYSTEM CONTROL NUMBER |
| System control number |
(OCoLC)ocn945774680 |
| 040 ## - CATALOGING SOURCE |
| Original cataloging agency |
IGA |
| Language of cataloging |
eng |
| Transcribing agency |
IGA |
| Description conventions |
rda |
| Modifying agency |
OCLCF |
| -- |
OCLCQ |
| -- |
B@L |
| -- |
Z0P |
| -- |
DLC |
| 042 ## - |
| -- |
lccopycat |
| 050 00 - |
| -- |
BS2785.52 |
| -- |
.J47 2015 |
| 082 04 - DEWEY DECIMAL CLASSIFICATION NUMBER |
| Classification number |
227.9106 |
| Edition information |
23 |
| Item number |
JER |
| 100 1# - MAIN ENTRY--PERSONAL NAME |
| Personal name |
Jeremiah, David, |
| Dates associated with a name |
1941- |
| Relator term |
author. |
| 9 (RLIN) |
16487 |
| 240 10 - |
| -- |
Turning toward integrity |
| 245 10 - TITLE STATEMENT |
| Title |
What to do when you don't know what to do / |
| Statement of responsibility, etc. |
Dr. David Jeremiah. |
| 246 3# - |
| -- |
What to do when you do not know what to do |
| 264 #1 - PRODUCTION, PUBLICATION, DISTRIBUTION, MANUFACTURE, AND COPYRIGHT NOTICE |
| Place of production, publication, distribution, manufacture |
Secunderabad : |
| Name of producer, publisher, distributor, manufacturer |
GS Books, |
| Date of production, publication, distribution, manufacture, or copyright notice |
2021. |
| 300 ## - PHYSICAL DESCRIPTION |
| Extent |
272 pages ; |
| Dimensions |
22 cm |
| 336 ## - CONTENT TYPE |
| Content type term |
text |
| Content type code |
txt |
| Source |
rdacontent |
| 337 ## - MEDIA TYPE |
| Media type term |
unmediated |
| Media type code |
n |
| Source |
rdamedia |
| 338 ## - CARRIER TYPE |
| Carrier type term |
volume |
| Carrier type code |
nc |
| Source |
rdacarrier |
| 504 ## - BIBLIOGRAPHY, ETC. NOTE |
| Bibliography, etc. note |
Includes bibliographical references (pages 343-363). |
| 505 0# - FORMATTED CONTENTS NOTE |
| Formatted contents note |
What to do when the heat's turned up -- What to do when wrong seems right -- What to do when the mirror doesn't lie -- What to do when justice isn't blind -- What to do when faith doesn't work -- What to do when your tongue isn't tied -- What to do when wisdom is foolish -- What to do when worship turns to war -- What to do when your goals are not God's -- What to do when your net worth is worthless -- What to do when you're in a hurry and God isn't -- What to do when pain leads to prayer. |
| 520 ## - SUMMARY, ETC. |
| Summary, etc. |
Sometimes the big and small decisions in life seem overwhelming. How do you know what choices to make about your career, kids, relationships? Even when you make good decisions, how do you avoid temptation along the way? In this book, the author walks you through the book of James to glean God's wisdom on issues such as finances, faith, and decision making. |
| 650 #0 - SUBJECT ADDED ENTRY--TOPICAL TERM |
| Topical term or geographic name entry element |
Integrity |
| General subdivision |
Biblical teaching. |
| 9 (RLIN) |
16488 |
| 650 #0 - SUBJECT ADDED ENTRY--TOPICAL TERM |
| Topical term or geographic name entry element |
Decision making. |
| 9 (RLIN) |
16489 |
| 650 #7 - SUBJECT ADDED ENTRY--TOPICAL TERM |
| Topical term or geographic name entry element |
Decision making. |
| Source of heading or term |
fast |
| Authority record control number or standard number |
(OCoLC)fst00889035 |
| 9 (RLIN) |
16489 |
| 650 #7 - SUBJECT ADDED ENTRY--TOPICAL TERM |
| Topical term or geographic name entry element |
Integrity |
| General subdivision |
Biblical teaching. |
| Source of heading or term |
fast |
| Authority record control number or standard number |
(OCoLC)fst00975676 |
| 9 (RLIN) |
16488 |
| 775 08 - OTHER EDITION ENTRY |
| Relationship information |
Reproduction of (manifestation): |
| Main entry heading |
Jeremiah, David, 1941- |
| Title |
Turning toward integrity. |
| Place, publisher, and date of publication |
[Wheaton, IL] : Victor Books, 1993 |
| 906 ## - LOCAL DATA ELEMENT F, LDF (RLIN) |
| a |
7 |
| b |
cbc |
| c |
copycat |
| d |
2 |
| e |
epcn |
| f |
20 |
| g |
y-gencatlg |
| 942 ## - ADDED ENTRY ELEMENTS (KOHA) |
| Source of classification or shelving scheme |
Dewey Decimal Classification |
| Koha item type |
Books |
| Koha issues (borrowed), all copies |
2 |